[Event "UKR-ch blitz"]
[Site "Omelnyk"]
[Date "2017.10.14"]
[Round "4"]
[White "Omelja, Artem"]
[Black "Safronov, Mikhail"]
[Result "1-0"]
[WhiteElo "2436"]
[BlackElo "2038"]
[PlyCount "77"]
[EventDate "2017.10.14"]
[EventType "swiss (blitz)"]
[EventRounds "9"]
[EventCountry "UKR"]
[SourceTitle "CBM 181 Extra"]
[Source "ChessBase"]
[SourceDate "2017.12.12"]
[SourceVersion "1"]
[SourceVersionDate "2017.12.12"]
[SourceQuality "1"]

1. d4 c6 2. c4 d6 3. e4 Nd7 4. Nc3 e5 5. Nf3 Ngf6 6. Be2 Be7 7. 0-0 0-0 8. Qc2 Qc7 9. Rd1 Ne8 10. Rb1 g6 11. b4 Ng7 12. Be3 f5 13. c5 f4 14. cxd6 Bxd6 15. dxe5 Nxe5 16. Bd4 Nxf3+ 17. Bxf3 Be6 18. Rbc1 Qe7 19. a3 Rf7 20. Re1 a5 21. e5 Bc7 22. Ne4 axb4 23. Nf6+ Kh8 24. Bc5 Qd8 25. axb4 Ra2 26. Qe4 Ne8 27. Rcd1 Qc8 28. Qd4 Ra8 29. Ne4 Qd8 30. Nd6 Rd7 31. Qxf4 b6 32. Qf8+ Bg8 33. Nxe8 Qxe8 34. Qf6+ Rg7 35. Bxc6 Qb8 36. Bd6 Ra7 37. Bf8 Bxe5 38. Bxg7+ Rxg7 39. Qxe5 1-0

[Event "UKR-ch rapid"]
[Site "Omelnyk"]
[Date "2017.10.12"]
[Round "1"]
[White "Bogdanovich, Stanislav"]
[Black "Safronov, Mikhail"]
[Result "1-0"]
[WhiteElo "2593"]
[BlackElo "2038"]
[PlyCount "157"]
[EventDate "2017.10.12"]
[EventType "swiss (rapid)"]
[EventRounds "9"]
[EventCountry "UKR"]
[SourceTitle "CBM 181 Extra"]
[Source "ChessBase"]
[SourceDate "2017.12.12"]
[SourceVersion "1"]
[SourceVersionDate "2017.12.12"]
[SourceQuality "1"]

1. d4 c6 2. e4 d5 3. e5 g6 4. Bd3 Na6 5. h3 Nc7 6. Nf3 Bg7 7. Be3 Be6 8. Nc3 f6 9. Qd2 Qd7 10. 0-0 Bf5 11. Be2 Kf7 12. Rfe1 g5 13. Bxg5 fxg5 14. Nxg5+ Ke8 15. e6 Nxe6 16. Bh5+ Kf8 17. Rxe6 Bxe6 18. Re1 Bf5 19. g4 Bg6 20. Ne6+ Kf7 21. Ng5+ Ke8 22. Ne6 Bh6 23. Bxg6+ hxg6 24. g5 Bf8 25. Qf4 Nh6 26. Nc7+ Kd8 27. Nxa8 Nf5 28. Qb8+ Qc8 29. Qxa7 Bg7 30. Nb6 Bxd4 31. Nxc8 Bxa7 32. Nxa7 Kc7 33. Re6 Ra8 34. Nab5+ cxb5 35. Rxg6 Kd7 36. a3 b4 37. axb4 Ra1+ 38. Kh2 Rc1 39. Rb6 Rxc2 40. Kg2 d4 41. Ne4 Rxb2 42. Rxb7+ Kc6 43. Rb8 d3 44. Kf3 d2 45. Ke2 Nd4+ 46. Kd1 Nf3 47. Rd8 Rxb4 48. Nxd2 Nxg5 49. Rd3 Rh4 50. Ke2 Nxh3 51. Rc3+ Kd7 52. Nf3 Nf4+ 53. Kd2 Rh5 54. Ra3 Rd5+ 55. Ke3 Ne6 56. Ke4 Rc5 57. Ne5+ Kc8 58. Ra8+ Kb7 59. Re8 Rc7 60. f4 Nxf4 61. Kxf4 Rc1 62. Kf5 Kc7 63. Ke6 Re1 64. Ra8 Kb7 65. Ra2 Kb6 66. Rc2 Kb5 67. Kd5 Rd1+ 68. Ke4 Re1+ 69. Kd4 Rh1 70. Rb2+ Ka6 71. Kc5 Rc1+ 72. Nc4 Rh1 73. Kc6 Rh6+ 74. Kc7 e5 75. Nd6 Ka5 76. Kc6 Ka4 77. Kc5 e4 78. Rb4+ Ka3 79. Nc4+ 1-0